000 00286nam a22001337a 4500
008 181011b xxu||||| |||| 00| 0 eng d
020 _a9780814251799
041 _aeng
080 _a371
100 _a25
101 _aEDU
245 _aLanguage Files
_cMihalicek, V
942 _2udc
_cBK
999 _c49358
_d49358